Voice over 802.11 / (Record no. 182915)
[ view plain ]
| 000 -LEADER | |
|---|---|
| fixed length control field | 01272 a2200205 4500 |
| 003 - CONTROL NUMBER IDENTIFIER | |
| control field | Nust |
| 005 - DATE AND TIME OF LATEST TRANSACTION | |
| control field | 20221216122405.0 |
| 010 ## - LIBRARY OF CONGRESS CONTROL NUMBER | |
| LC control number | 2004041074 |
| 020 ## - INTERNATIONAL STANDARD BOOK NUMBER | |
| International Standard Book Number | 1580536778 (alk. paper) |
| 040 ## - CATALOGING SOURCE | |
| Transcribing agency | Nust |
| 082 00 - DEWEY DECIMAL CLASSIFICATION NUMBER | |
| Classification number | 621.38245,OHR |
| 100 1# - MAIN ENTRY--PERSONAL NAME | |
| Personal name | Ohrtman, Frank. |
| 9 (RLIN) | 105064 |
| 245 10 - TITLE STATEMENT | |
| Title | Voice over 802.11 / |
| Statement of responsibility, etc. | Frank Ohrtman. |
| 260 ## - PUBLICATION, DISTRIBUTION, ETC. | |
| Place of publication, distribution, etc. | Boston : |
| Name of publisher, distributor, etc. | Artech House, |
| Date of publication, distribution, etc. | c2004. |
| 300 ## - PHYSICAL DESCRIPTION | |
| Extent | xv, 258 p. : |
| Other physical details | ill. ; |
| Dimensions | 24 cm. |
| 440 #0 - SERIES STATEMENT/ADDED ENTRY--TITLE | |
| Title | Artech House telecommunications library |
| 9 (RLIN) | 94181 |
| 505 ## - FORMATTED CONTENTS NOTE | |
| Formatted contents note | Overview of Vo802.11 (Page-1), 802.11:Alternative Access (Page-5), Voice over Internet Protocol (Page-25), Switching TDM and VolP Networks (Page-49), Objections to Vo802.11 (Page-77), Vo802.11: Range is a Matter of Engineering (Page-83), Security and Vo802.11 (Page-97), Objections Due to Interference and QoS on Vo802.11 Wireless Networks (Page-129), Engineering Vo802.11 Networks for Maximum QoS (Page-155), Scalability in Wireless VoIP Networks (Page-171), Vo802.11 Reliability (Page-183), Vo802.11 Features and Applications (Page-193), Regulatory Consideration for Vo802.11 Networks (Page-207), Economics of Vo802.11 Networks (Page-217), Conclusion: Vo802.11 is the Future of Voice Communications (Page-233). |
| 650 #0 - SUBJECT ADDED ENTRY--TOPICAL TERM | |
| Topical term or geographic name entry element | Telecommunication engineering |
| 942 ## - ADDED ENTRY ELEMENTS (KOHA) | |
| Source of classification or shelving scheme | |
| Koha item type | Book |
| Withdrawn status | Lost status | Source of classification or shelving scheme | Damaged status | Not for loan | Permanent Location | Current Location | Shelving location | Date acquired | Full call number | Barcode | Date last seen | Price effective from | Koha item type | Public note |
|---|---|---|---|---|---|---|---|---|---|---|---|---|---|---|
| Military College of Signals (MCS) | Military College of Signals (MCS) | General Stacks | 12/12/2016 | 621.38245,OHR | MCS31744 | 12/08/2016 | 12/12/2016 | Book | Almirah No.37, Shelf No.5 |
